000 00485nam a2200121Ia 4500
008 220620s9999||||xx |||||||||||||| ||und||
100 _aMd. Asaduzzaman||Toshiki Asao
245 0 _aVegetables - Importance of Quality Vegetables to Human Health
546 _aEnglish[eng]
650 _aLife Sciences||Horticulture||Agricultural and Biological Sciences||Olericulture
856 _uhttps://www.intechopen.com/books/vegetables-importance-of-quality-vegetables-to-human-health
942 _cEB
999 _c29760
_d29760